Music Quiz

Random Music or Clickable Quiz

Adele Songs by Closing Lyric Quiz Stats

 Plays Quiz not verified by Sporcle

Score 0/10 Timer 02:00
0 Plays Today
% Correct
Set Fire to the Rain
93.1%
Someone Like You
90.8%
Rolling in the Deep
87.3%
Rumour Has It
83.2%
Send My Love
82.1%
Hello
79.8%
Chasing Pavements
78.6%
All I Ask
75.7%
Don't You Remember
67.1%
One and Only
62.4%

You're not logged in!

Compare scores with friends on all Sporcle quizzes.
OR
Log In

Sporcle TV

Today on Sporcle TV


Watch our educational content, quiz creation guides, and fun videos on Sporcle TV.

Show Comments

Extras

Top Quizzes Today


Score Distribution

Your Account Isn't Verified!

In order to create a playlist on Sporcle, you need to verify the email address you used during registration. Go to your Sporcle Settings to finish the process.

Report this User

Report this user for behavior that violates our Community Guidelines.

Details: